00651cam a22002051i 4500001001300000003000400013005001700017008004100034010001700075035001900092040001800111042001200129050001500141100002300156245014900179260003700328300003700365650002600402999001700428sa 68018961 DLC20260227112715.0830702s1954 io ab 000 0 ind  asa 68018961  a(OCoLC)9666374 aDLCcOAUdDLC apremarc00aJQ778b.S61 aSoedjono, R. M. T.10aTjara penglaksanaan memilih perwakilan rakjat :bKonstituante dan Parlemen oleh rakjat /cdiuraikan dengan tjara populer oleh R. M. T. Soedjono. a[Djakarta] :bDjambatan,c[1954] ax, 69 p. :bill., map. ;c20 cm. 0aElectionszIndonesia. c88743d88743